On ne badine pas avec l'amour

Saved in:
Bibliografiske detaljer
Hovedforfatter: Musset, Alfred de (auteur)
Format: Bog
Sprog:fransk
Udgivet: París Librairie Hachette 1951
Serier:Classiques Illustres Vaubourdolle
Fag:
Tags: Tilføj Tag
Ingen Tags, Vær først til at tagge denne postø!

MARC

LEADER 00000nam a2200000 a 4500
001 UCZ0931
003 CL-VaPUC
008 950810e19510000FR |||||||||||||||||fre|d
082 0 4 |a 842  |b MUS  |2 21 
100 |a Musset, Alfred de  |e auteur  |9 332833 
245 1 0 |a On ne badine pas avec l'amour 
300 |a 60 p 
942 |c BK 
945 |d 19950810 00:00:00  |a rbrito 
260 |a París  |b Librairie Hachette  |c 1951 
650 0 |a Drama francés  |9 313202 
650 7 |a COMEDIA FRANCESA  |2 CL-VaPUC  |9 306299 
583 |a last modification  |c 19950810 00:00:00  |k Rodrigo Vera 
490 0 |a Classiques Illustres Vaubourdolle 
999 |c 237796  |d 237794 
952 |0 0  |1 0  |4 0  |6 842_000000000000000_MUS_1951  |7 0  |8 A  |9 247490  |a BIBEDU  |b BIBEDU  |d 2019-11-18  |i 3108104  |o 842 MUS 1951  |p 3108104  |r 2019-11-18  |w 2019-11-18  |y BK  |k LIT 
952 |0 0  |1 0  |4 0  |6 842_000000000000000_MUS_1951  |7 0  |8 A  |9 247491  |a BIBEDU  |b BIBEDU  |d 2019-11-18  |i 3160467  |o 842 MUS 1951  |p 3160467  |r 2019-11-18  |w 2019-11-18  |y BK  |k LIT